| 000 -LEADER |
| fixed length control field |
01303cam a2200277 a 4500 |
| 001 - CONTROL NUMBER |
| control field |
2468494 |
| 003 - CONTROL NUMBER IDENTIFIER |
| control field |
BD-DhUAP |
| 005 - DATE AND TIME OF LATEST TRANSACTION |
| control field |
20200123114506.0 |
| 008 - FIXED-LENGTH DATA ELEMENTS--GENERAL INFORMATION |
| fixed length control field |
200123s1990 ne a b 100 0 eng |
| 020 ## - INTERNATIONAL STANDARD BOOK NUMBER |
| International Standard Book Number |
0444886486 |
| 040 ## - CATALOGING SOURCE |
| Original cataloging agency |
DLC |
| Transcribing agency |
DLC |
| Modifying agency |
BD-DhUAP |
| Language of cataloging |
Eng |
| 082 00 - DEWEY DECIMAL CLASSIFICATION NUMBER |
| Edition number |
23 |
| Classification number |
006.3 COM |
| 245 10 - TITLE STATEMENT |
| Title |
Computational intelligence, II : |
| Remainder of title |
proceedings of the International Symposium "Computational Intelligence 89", Milan, Italy, 25-27 September 1989 / |
| Statement of responsibility, etc. |
edited by Francesco Gardin, Giancarlo Mauri and Mariagrazia Filippini. |
| 260 ## - PUBLICATION, DISTRIBUTION, ETC. |
| Place of publication, distribution, etc. |
Amsterdam ; |
| Name of publisher, distributor, etc. |
North-Holland ; |
| Date of publication, distribution, etc. |
c1990. |
| 300 ## - PHYSICAL DESCRIPTION |
| Extent |
ix, 235 pages : |
| Other physical details |
illustrations ; |
| Dimensions |
27 cm. |
| 500 ## - GENERAL NOTE |
| General note |
"Organized by the AMC [i.e. ACM] Italian Chapter of the Association for Computing Machinery and the University of Milano Dipartimento di scienze dell'informazione in cooperation with Association française pour la cybernétique économique e [i.e. et] technique ... [et al.]." |
| 504 ## - BIBLIOGRAPHY, ETC. NOTE |
| Bibliography, etc. note |
Includes bibliographical references. |
| 650 #0 - SUBJECT ADDED ENTRY--TOPICAL TERM |
| Topical term or geographic name entry element |
Computational intelligence |
| General subdivision |
Congresses. |
| 650 #0 - SUBJECT ADDED ENTRY--TOPICAL TERM |
| Topical term or geographic name entry element |
Knowledge, Theory of |
| General subdivision |
Congresses. |
| 650 #0 - SUBJECT ADDED ENTRY--TOPICAL TERM |
| Topical term or geographic name entry element |
Problem solving |
| General subdivision |
Congresses. |
| 650 #0 - SUBJECT ADDED ENTRY--TOPICAL TERM |
| Topical term or geographic name entry element |
Computational linguistics |
| General subdivision |
Congresses. |
| 700 1# - ADDED ENTRY--PERSONAL NAME |
| Personal name |
Gardin, Francesco. |
| 700 1# - ADDED ENTRY--PERSONAL NAME |
| Personal name |
Mauri, Gian Carlo. |
| 700 1# - ADDED ENTRY--PERSONAL NAME |
| Personal name |
Filippini, Mariagrazia. |
| 942 ## - ADDED ENTRY ELEMENTS (KOHA) |
| Source of classification or shelving scheme |
|
| Koha item type |
Book |